Handbook of Psycholinguistics

Uloženo v:
Podrobná bibliografie
Hlavní autoři: Traxler, Matthew J (Autor), Gernsbacher, Morton A (Autor)
Médium: Kniha
Jazyk:angličtina
Vydáno: Amsterdam Elsevier 2006
Vydání:2a. ed
Témata:
Tagy: Přidat tag
Žádné tagy, Buďte první, kdo vytvoří štítek k tomuto záznamu!

MARC

LEADER 00000nam a2200000 a 4500
001 UCH3543
003 CL-VaPUC
008 090806e20060000NE |||||||||||||||||eng|d
020 |a 9780123693747 
082 0 4 |a 401.9  |b TRA  |2 21 
100 0 |a Traxler, Matthew J  |e author  |9 538860 
700 0 |a Gernsbacher, Morton A  |e author  |9 538861 
245 1 0 |a Handbook of Psycholinguistics 
250 |a 2a. ed 
300 |a 1184 p 
942 |c BK 
945 |d 20090806 00:00:00  |a dcastane 
260 |a Amsterdam  |b Elsevier  |c 2006 
650 0 |a Lingüística  |9 265068 
650 0 |a Investigación lingüística  |9 329785 
650 0 |a Psicolingüística   |9 283371 
650 0 |a Lenguaje   |9 265069 
650 0 |a Comprensión del lenguaje  |9 390641 
650 0 |a Desarrollo del lenguaje   |9 311270 
583 |a last modification  |c 20090806 00:00:00  |k Rodrigo Vera 
999 |c 335026  |d 335024